000 00324nam a22001337a 4500
008 170619b xxu||||| |||| 00| 0 eng d
020 _a0691022046
041 _aeng
080 _a32
100 _a20
101 _aSHP
245 _aHUMAN RIGHTS AND UNITED STATES POLICY TOWARD LATIN AMERICA
_cSCHOULTZ,L
942 _2udc
_cBK
999 _c17994
_d17994